Statistics for Christmas in other Languages - Easy

Click here to take the quiz!

General Stats

  • This quiz has been taken 45 times
  • The average score is 8 of 10

Answer Stats

ChristmasLanguage% Correct
NavidadSpanish
100%
РождествоRussian
94%
NoëlFrench
90%
عيد الميلادArabic
84%
聖誕Chinese
84%
ΧριστούγενναGreek
68%
חַג הַמוֹלָדHebrew
61%
क्रिसमसHindi
61%
Boże NarodzeniePolish
61%
KerstmisDutch
52%

Score Distribution

Percentile by Number Answered

Percent of People with Each Score

Your Score History

You have not taken this quiz